<?xml version="1.0" encoding="UTF-8"?>
<record
    xmlns:xsi="http://www.w3.org/2001/XMLSchema-instance"
    xsi:schemaLocation="http://www.loc.gov/MARC21/slim http://www.loc.gov/standards/marcxml/schema/MARC21slim.xsd"
    xmlns="http://www.loc.gov/MARC21/slim">

  <leader>01698nam a22002897a 4500</leader>
  <controlfield tag="001">381</controlfield>
  <controlfield tag="003">OSt</controlfield>
  <controlfield tag="005">20250404102755.0</controlfield>
  <controlfield tag="008">250404b        |||||||| |||| 00| 0 eng d</controlfield>
  <datafield tag="020" ind1=" " ind2=" ">
    <subfield code="a">9788542207811</subfield>
  </datafield>
  <datafield tag="040" ind1=" " ind2=" ">
    <subfield code="b">por</subfield>
  </datafield>
  <datafield tag="082" ind1=" " ind2=" ">
    <subfield code="a">133.93</subfield>
    <subfield code="b">C284e</subfield>
  </datafield>
  <datafield tag="100" ind1="0" ind2=" ">
    <subfield code="a">Carlos, Antonio</subfield>
    <subfield code="c">(Esp&#xED;rito).</subfield>
    <subfield code="9">791</subfield>
  </datafield>
  <datafield tag="245" ind1=" " ind2=" ">
    <subfield code="a">O Escravo: </subfield>
    <subfield code="b">Da &#xC1;frica para a senzala / </subfield>
    <subfield code="c">Carlos, Antonio (espirito) ; Psicografado por Vera L&#xFA;cia Marinzeck de Carvalho.</subfield>
  </datafield>
  <datafield tag="250" ind1=" " ind2=" ">
    <subfield code="a">2 ed.</subfield>
  </datafield>
  <datafield tag="260" ind1=" " ind2=" ">
    <subfield code="a">S&#xE3;o Paulo</subfield>
    <subfield code="b">Planeta</subfield>
    <subfield code="c">2017</subfield>
  </datafield>
  <datafield tag="300" ind1=" " ind2=" ">
    <subfield code="a">239 p.</subfield>
  </datafield>
  <datafield tag="520" ind1=" " ind2=" ">
    <subfield code="a">Uba vivia tranquilamente numa aldeia na &#xC1;frica com a esposa e duas filhas, quando esta foi invadida por mercen&#xE1;rios em busca de escravos. Uba viu sua esposa ser morta e n&#xE3;o conseguiu socorr&#xEA;-la. Come&#xE7;ou ali uma vida diferente para ele, de priva&#xE7;&#xF5;es e humilha&#xE7;&#xF5;es. Sem entender, foi preso junto a outros homens e, num navio, foi levado para longe. Veio para o Brasil, foi comprado como uma mercadoria e levado para uma fazenda, para a senzala. Passou a ser chamado de Jo&#xE3;o, e tudo mudou. Aos poucos, foi entendendo o que era ser escravo. Foi no cativeiro que seu esp&#xED;rito aprendeu muitas coisas e mudou sua rela&#xE7;&#xE3;o com o trabalho. O escravo &#x2013; Da &#xC1;frica para a senzala &#xE9; um livro que emociona. Vale a pena ler esta obra que, em forma de romance, conta um pouquinho sobre como era ser escravo nas terras brasileiras.
</subfield>
  </datafield>
  <datafield tag="650" ind1=" " ind2="0">
    <subfield code="a">Literatura Brasileira</subfield>
    <subfield code="9">205</subfield>
  </datafield>
  <datafield tag="650" ind1=" " ind2="0">
    <subfield code="a">Psicografias</subfield>
    <subfield code="9">485</subfield>
  </datafield>
  <datafield tag="650" ind1=" " ind2="0">
    <subfield code="a">Escravid&#xE3;o</subfield>
    <subfield code="9">792</subfield>
  </datafield>
  <datafield tag="650" ind1=" " ind2="0">
    <subfield code="a">Reencarna&#xE7;&#xE3;o</subfield>
    <subfield code="9">793</subfield>
  </datafield>
  <datafield tag="650" ind1=" " ind2="0">
    <subfield code="a">Vis&#xE3;o esp&#xED;rita da hist&#xF3;ria </subfield>
    <subfield code="9">794</subfield>
  </datafield>
  <datafield tag="655" ind1=" " ind2="0">
    <subfield code="a">Romance</subfield>
    <subfield code="9">23</subfield>
  </datafield>
  <datafield tag="700" ind1="1" ind2=" ">
    <subfield code="a">Carvalho, Vera L&#xFA;cia Marinzeck de,</subfield>
    <subfield code="d">1948-</subfield>
    <subfield code="e">m&#xE9;dium</subfield>
    <subfield code="9">795</subfield>
  </datafield>
  <datafield tag="942" ind1=" " ind2=" ">
    <subfield code="2">ddc</subfield>
    <subfield code="c">BK</subfield>
    <subfield code="n">0</subfield>
  </datafield>
  <datafield tag="952" ind1=" " ind2=" ">
    <subfield code="0">0</subfield>
    <subfield code="1">0</subfield>
    <subfield code="2">ddc</subfield>
    <subfield code="4">0</subfield>
    <subfield code="7">0</subfield>
    <subfield code="8">NFIC</subfield>
    <subfield code="a">BIBIB</subfield>
    <subfield code="b">BIBIB</subfield>
    <subfield code="c">ESP</subfield>
    <subfield code="d">2025-04-04</subfield>
    <subfield code="e">doa&#xE7;&#xE3;o</subfield>
    <subfield code="l">0</subfield>
    <subfield code="o">133.93 / C284e</subfield>
    <subfield code="p">2025-17315</subfield>
    <subfield code="r">2025-04-04 09:51:14</subfield>
    <subfield code="w">2025-04-04</subfield>
    <subfield code="y">BK</subfield>
  </datafield>
  <datafield tag="999" ind1=" " ind2=" ">
    <subfield code="c">381</subfield>
    <subfield code="d">381</subfield>
  </datafield>
</record>
